Sue Grafton's Mysteries Quiz Stats

 Plays Quiz Updated Dec 29, 2017

Score 0/25 Timer 05:00
0 Plays Today
Letter Title % Correct
A Is forAlibi
83.4%
 X
73.6%
K Is forKiller
57%
B Is forBurglar
53.5%
Y is forYesterday
45.3%
E Is forEvidence
42.9%
G Is forGumshoe
40.3%
N Is forNoose
40.3%
I Is forInnocent
38.5%
Q Is forQuarry
38.4%
C Is forCorpse
35.5%
S Is forSilence
35.2%
H Is forHomicide
34.8%
Letter Title % Correct
D Is forDeadbeat
34.6%
M Is forMalice
34.2%
F Is forFugitive
32.1%
T Is forTrespass
31.1%
R Is forRicochet
30.8%
V Is forVengeance
30.4%
P Is forPeril
26.3%
L Is forLawless
25.7%
O Is forOutlaw
24.9%
J Is forJudgment
24.3%
W is forWasted
23%
U Is forUndertow
9.2%

You're not logged in!

Compare scores with friends on all Sporcle quizzes.
OR
Log In

You Might Also Like...

Show Comments

Extras

Top Quizzes Today


Score Distribution

Your Account Isn't Verified!

In order to create a playlist on Sporcle, you need to verify the email address you used during registration. Go to your Sporcle Settings to finish the process.

Report this User

Report this user for behavior that violates our Community Guidelines.

Details: